| 000 | 00558nam a22001697a 4500 | ||
|---|---|---|---|
| 020 | _a9788181477361 | ||
| 082 | _a621.31 KUF | ||
| 100 | _aKuffel, E. | ||
| 245 | _aHigh voltage engineering : fundamentals | ||
| 250 | _a2nd ed. | ||
| 260 |
_aNew Delhi, India _bNewnes _c2012 |
||
| 300 |
_axiii, 539 p. _bill. ; |
||
| 500 | _aIncludes bibliographical references and index. | ||
| 650 | _a1. Electrical engineering. 2. High voltages. 3. Electric insulators and insulation. 4. Breakdown (Electricity) | ||
| 700 | _aZaengl, W. S. and Kuffel, J. | ||
| 942 | _cBK | ||
| 999 |
_c12483 _d12483 |
||